Lotus 1-2-3 : reference manual release 2.01

Salvato in:
Dettagli Bibliografici
Natura: Libro
Lingua:Undetermined
Pubblicazione: Cambrigde Lotus development Co. 1986
Soggetti:
Tags: Aggiungi Tag
Nessun Tag, puoi essere il primo ad aggiungerne! !
Thư viện lưu trữ: Trung tâm Học liệu Trường Đại học Cần Thơ
LEADER 00508nam a2200169Ia 4500
001 CTU_127272
008 210402s9999 xx 000 0 und d
082 |a 001.64 
082 |b L882 
245 0 |a Lotus 1-2-3 : 
245 0 |b reference manual release 2.01 
260 |a Cambrigde 
260 |b Lotus development Co. 
260 |c 1986 
650 |a Electronic digital computer,Electronic data processing,Programming langueges 
904 |i Hiếu 
980 |a Trung tâm Học liệu Trường Đại học Cần Thơ